000 00855nam a2200265Ia 4500
005 20220317001046.0
008 160825s2008 sp a g 000 0 spa
020 _a97884261187012
100 1 _aOxenbury, Helen
_d1938-
245 1 0 _aAnimales
_cHelen Oxenbury
250 _a6a. edición
300 _a16 páginas
_bilustraciones en color
_b26 cm
490 _aLos libros del chiquitín
650 1 4 _2LEMB
_aÁlbumes infantiles ingleses
_ySiglo XX
650 1 4 _2LEMB
_aLiteratura Infantil Inglesa
_ySiglo XX
650 1 4 _2LEMB
_aAnimales en la literatura
700 1 _aOxenbury, Helen
_965013
942 _2loc
_cBKINF
264 _aBarcelona
_bJuventud
_c2008
336 _atexto
_btxt
_2rdacontent
337 _asin mediación
_bn
_2rdamedia
338 _avolumen
_bnc
_2rdacarrier
040 _aCO-BoRNBP
_bspa
_erda
_cCO-BoRNBP
084 _aA OXE1
999 _c5814
_d5814